ABC στην Προστασία του Παιδιού / Τέταρτη Έκδοση (Record no. 5968)
[ view plain ]
| 000 -LEADER | |
|---|---|
| fixed length control field | 02640cam a22002654a 4500 |
| 005 - ΗΜΕΡΟΜΗΝΙΑ ΚΑΙ ΩΡΑ ΤΕΛΕΥΤΑΙΑΣ ΕΝΗΜΕΡΩΣΗΣ | |
| Πεδίο ελέγχου | 20250605164227.0 |
| 008 - FIXED-LENGTH DATA ELEMENTS--GENERAL INFORMATION | |
| Πεδίο ελέγχου σταθερού μήκους | 250528s ||||||||||||||||||||||||d |
| 035 ## - SYSTEM CONTROL NUMBER | |
| System control number | 20888 |
| 020 ## - ISBN | |
| ISBN | 9789603947530 |
| 040 ## - ΠΗΓΗ ΚΑΤΑΛΟΓΟΓΡΑΦΗΣΗΣ | |
| Φορέας πρωτότυπης καταλογογράφησης | MC Athens Campus Library |
| Γλώσσα καταλογογράφησης | Ελληνικά, Μοντέρνα (1453-) |
| Modifying agency | MC Athens Campus Library |
| Κανόνες περιγραφικής καταλογογράφησης | AACR2 |
| 245 1# - ΤΙΤΛΟΣ ΚΑΙ ΔΗΛΩΣΗ ΥΠΕΥΘΥΝΟΤΗΤΑΣ | |
| Τίτλος | ABC στην Προστασία του Παιδιού / Τέταρτη Έκδοση |
| 250 ## - EDITION STATEMENT | |
| Edition statement | 4η |
| 260 ## - PUBLICATION, DISTRIBUTION, ETC. | |
| Name of publisher, distributor, etc. | Εκδόσεις Παρισιάνου, |
| Date of publication, distribution, etc. | 2014 |
| 300 ## - PHYSICAL DESCRIPTION | |
| Extent | 120 |
| 520 ## - SUMMARY, ETC. | |
| Summary, etc. | Το βιβλίο παρέχει ακριβείς και πρακτικές πληροφορίες πάνω στο ψυχολογικό πεδίο της Παιδιατρικής. Περιλαμβάνει κεφάλαια για τα τραύματα στην κοιλιακή χώρα, την παραμέληση και την αποτυχία της ευημερίας του παιδιού. Συνεργάτες, Πρόλογος, Η Κοινωνική Διάσταση της Παιδικής Κακοποίησης, Σκόπιμος Τραυματισμός: Η Προσέγγιση, Μώλωπες, Εγκαύματα, Κατάγματα, Κρανιοεγκεφαλικές Κακώσεις, Οφθαλμολογικές Εκδηλώσεις, Κακώσεις Σπλάχνων, Δηλητηρίαση, Κακοποίηση που Οδηγεί στον Θάνατο και Πνιγμονή, Σεξουαλική Κακοποίηση του Παιδιού: Κλινική Προσέγγιση, Σεξουαλική Κακοποίηση του Παιδιού: Ερμηνεία των Αποτελεσμάτων, Αδυναμία Σωματικής Αύξησης μη Οργανικής Αιτιολογίας, Παραμέληση, Συναισθηματική Κακοποίηση, Κατασκευασμένη ή Προκλητή Ασθένεια (Σύνδρομο Munchausen by Proxy), Ο Ρόλος της Ομάδας Λειτουργών Ψυχικής Υγείας Παιδιών και Εφήβων (ΨΥΠΕ), Ιατρικές Γνωματεύσεις, Κοινωνικοί Λειτουργοί και Προστασία του Παιδιού, Συσκέψεις Περιστατικών, Νομικό Πλαίσιο Παιδικής Φροντίδας, Σχετικά με τα Δικαστήρια, Διλήμματα, Ευρετήριο. |
| 700 1# - ΠΡΟΣΘΕΤΗ ΑΝΑΓΡΑΦΗ--ΦΥΣΙΚΟ ΠΡΟΣΩΠΟ | |
| Personal name | Meadow Roy |
| 9 (RLIN) | 6868 |
| 700 1# - ΠΡΟΣΘΕΤΗ ΑΝΑΓΡΑΦΗ--ΦΥΣΙΚΟ ΠΡΟΣΩΠΟ | |
| Personal name | Mok Jacqueline |
| 9 (RLIN) | 6869 |
| 700 1# - ΠΡΟΣΘΕΤΗ ΑΝΑΓΡΑΦΗ--ΦΥΣΙΚΟ ΠΡΟΣΩΠΟ | |
| Personal name | Rosenberg Donna |
| 9 (RLIN) | 6870 |
| 700 1# - ΠΡΟΣΘΕΤΗ ΑΝΑΓΡΑΦΗ--ΦΥΣΙΚΟ ΠΡΟΣΩΠΟ | |
| Personal name | Μπακοπούλου Φλώρα |
| 9 (RLIN) | 6871 |
| 700 1# - ΠΡΟΣΘΕΤΗ ΑΝΑΓΡΑΦΗ--ΦΥΣΙΚΟ ΠΡΟΣΩΠΟ | |
| Personal name | Περβανίδου Νένη |
| 9 (RLIN) | 6872 |
| 700 1# - ΠΡΟΣΘΕΤΗ ΑΝΑΓΡΑΦΗ--ΦΥΣΙΚΟ ΠΡΟΣΩΠΟ | |
| Personal name | Χρούσος Γεώργιος |
| 9 (RLIN) | 6873 |
| 942 ## - ADDED ENTRY ELEMENTS (KOHA) | |
| Koha item type | Books |
| Τύπος τεκμηρίου | Βιβλιοθήκη | Τρέχουσα τοποθεσία | Barcode | Αριθμός εισαγωγής | Ημερομηνία απόκτησης | Ταξιθετικό σύμβολο | Αριθμός αντιτύπου | Κατάσταση απόσυρσης | Κατάσταση χαμένου | Κατάσταση κατεστραμμένου | Μη δανεισμός | Σύνολο δανεισμών | Ημερομηνία τελευταίας εμφάνισης | Η τιμή ισχύει από |
|---|---|---|---|---|---|---|---|---|---|---|---|---|---|---|
| Books | MC Athens Campus Library | MC Athens Campus Library | 9780000059673 | 6544 | 05/06/2025 | 340 MEA | 2 | 05/06/2025 | 05/06/2025 |